[Event "United States Championship 2006"]
[Site "San Diego USA"]
[Date "2006.03.11"]
[Round "9"]
[White "Fishbein, A."]
[Black "Shulman, Y."]
[Result "1-0"]
[WhiteElo "2519"]
[BlackElo "2581"]
[PlyCount "99"]
[EventDate "2006.??.??"]

1. e4 e6 2. d4 d5 3. Nd2 c5 4. exd5 exd5 5. Ngf3 Nc6 6. Bb5 Bd6 7. dxc5 Bxc5 8.
O-O Nge7 9. Nb3 Bd6 10. c3 Bg4 11. Be2 O-O 12. Be3 Re8 13. h3 Bh5 14. Re1 Bg6
15. Bd3 Qc7 16. Bxg6 hxg6 17. Qd3 Rad8 18. Nbd4 a6 19. Nxc6 Nxc6 20. Bg5 Be7
21. Bxe7 Rxe7 22. Rxe7 Qxe7 23. Re1 Qf6 24. h4 Qf5 25. Qe3 Qd7 26. Rd1 f6 27.
g3 Kf7 28. Kg2 Qe6 29. Qb6 Rd7 30. Re1 Qd6 31. Nd4 Ne5 32. Qb3 Nc6 33. Rd1 Ne5
34. Qc2 Rd8 35. h5 gxh5 36. Qh7 Qf8 37. Qxh5+ Ng6 38. Re1 Qh8 39. Qg4 Rd6 40.
Nf5 Rb6 41. Nh6+ Qxh6 42. Qd7+ Ne7 43. Qxe7+ Kg6 44. Qe8+ Kf5 45. g4+ Kxg4 46.
Qe2+ Kf5 47. Qd3+ Kg4 48. Qf3+ Kg5 49. Qe3+ Kg4 50. Qxb6 1-0

[Event "United States Championship 2006"]
[Site "San Diego USA"]
[Date "2006.03.11"]
[Round "9"]
[White "Kudrin, S."]
[Black "Fernandez, D."]
[Result "1/2-1/2"]
[WhiteElo "2554"]
[BlackElo "2423"]
[PlyCount "133"]
[EventDate "2006.??.??"]

1. e4 c5 2. Nf3 Nc6 3. d4 cxd4 4. Nxd4 Nf6 5. Nc3 e5 6. Ndb5 d6 7. Bg5 a6 8.
Na3 b5 9. Nd5 Be7 10. Bxf6 Bxf6 11. c3 O-O 12. Nc2 Bg5 13. a4 bxa4 14. Rxa4 a5
15. Bc4 Rb8 16. Ra2 Kh8 17. Nce3 Bxe3 18. Nxe3 Ne7 19. b3 f5 20. exf5 Nxf5 21.
Nd5 Bb7 22. O-O Rc8 23. Qd3 Rc5 24. Rd1 Qh4 25. h3 e4 26. Qe2 Ne7 27. Nxe7 Qxe7
28. Qe3 Qc7 29. Rad2 d5 30. Bxd5 Rxc3 31. Qa7 Bxd5 32. Qxc7 Rxc7 33. Rxd5 Rc2
34. Rxa5 Rcxf2 35. Re1 Rb2 36. Rb5 h6 37. Rxe4 Rf7 38. h4 Kh7 39. Rg4 Rb1+ 40.
Kh2 Rb2 41. Rb6 Re7 42. Rb5 Rd7 43. h5 Re7 44. Kh3 Rb1 45. Rf4 Re2 46. Rf3 Rh1+
47. Kg3 Rc1 48. Kh2 Re4 49. g3 Rb1 50. Rf8 Re2+ 51. Kh3 Rh1+ 52. Kg4 Re4+ 53.
Kf3 Ree1 54. Kg4 Re4+ 55. Rf4 Re3 56. b4 Rd1 57. Kh3 Re7 58. Rf8 Re4 59. Rf4
Re3 60. Kg4 Rdd3 61. Kf5 Rxg3 62. Ke6 Rge3+ 63. Re5 Rxe5+ 64. Kxe5 Rh3 65. Rf5
Rb3 66. Rf4 Rh3 67. Rf5 1/2-1/2

[Event "United States Championship 2006"]
[Site "San Diego USA"]
[Date "2006.03.11"]
[Round "9"]
[White "Bercys, S."]
[Black "Dlugy, M."]
[Result "0-1"]
[WhiteElo "2358"]
[BlackElo "2531"]
[PlyCount "78"]
[EventDate "2006.??.??"]

1. d4 d5 2. c4 dxc4 3. e3 e6 4. Bxc4 a6 5. Nf3 c5 6. Qe2 b5 7. Bd3 cxd4 8. exd4
Nf6 9. O-O Be7 10. Nbd2 Bb7 11. a4 b4 12. a5 O-O 13. Nc4 Ra7 14. Bf4 Bd5 15.
Nfe5 Nc6 16. Be3 b3 17. Nxc6 Bxc6 18. Ne5 Bd5 19. Rfc1 Qa8 20. f3 Qb7 21. h4
Rc8 22. Rc3 Bb4 23. Rxc8+ Qxc8 24. Bd2 Bxd2 25. Qxd2 Rc7 26. Kf2 Ne8 27. Qb4 f6
28. Ng4 Bc4 29. Bxc4 Rxc4 30. Qxb3 Rxd4 31. Ne3 Rxh4 32. Rd1 Rh5 33. Nc4 Qc5+
34. Ke2 Kf8 35. Qc3 Nc7 36. Nb6 Qe5+ 37. Qxe5 Rxe5+ 38. Kf2 Rxa5 39. Rd7 Rb5
0-1

[Event "United States Championship 2006"]
[Site "San Diego USA"]
[Date "2006.03.11"]
[Round "9"]
[White "Lenderman, A."]
[Black "Zenyuk, I."]
[Result "1-0"]
[WhiteElo "2431"]
[BlackElo "2194"]
[PlyCount "25"]
[EventDate "2006.??.??"]

1. Nc3 c5 2. Nf3 Nc6 3. d4 cxd4 4. Nxd4 d5 5. Bf4 Nf6 6. e4 Qb6 7. Be3 Bg4 8.
Qd2 O-O-O 9. Nxc6 Qxc6 10. Nb5 Nxe4 11. Nxa7+ Kc7 12. Nxc6 Nxd2 13. Nxd8 1-0

[Event "United States Championship 2006"]
[Site "San Diego USA"]
[Date "2006.03.11"]
[Round "9"]
[White "Florean, A."]
[Black "Kraai, J."]
[Result "0-1"]
[WhiteElo "2426"]
[BlackElo "2443"]
[PlyCount "88"]
[EventDate "2006.??.??"]

1. e4 e6 2. Qe2 Nf6 3. Nf3 d5 4. e5 Nfd7 5. d3 Nc6 6. g3 f6 7. d4 fxe5 8. dxe5
Be7 9. Bg2 O-O 10. O-O Qe8 11. Re1 Qh5 12. Bf4 h6 13. h4 Rxf4 14. gxf4 Nf8 15.
Nc3 Bb4 16. a3 Ba5 17. b4 Bb6 18. Qd3 Ne7 19. Ne2 Nfg6 20. Bh3 Nxh4 21. Nxh4
Qxh4 22. Qg3 Qh5 23. Qg4 Qf7 24. Rad1 Nf5 25. c4 dxc4 26. Rd8+ Kh7 27. Red1 c5
28. R8d2 cxb4 29. axb4 a5 30. b5 a4 31. Nc3 Ba5 32. Rc2 Bxc3 33. Rxc3 Bd7 34.
Rxc4 Bxb5 35. Rb4 Bc6 36. Bg2 Qe8 37. Bxc6 Qxc6 38. Qg2 Qc2 39. Ra1 a3 40. Qxb7
Rd8 41. Qa6 Ne3 42. fxe3 Rd2 43. Qb7 Qg6+ 44. Kf1 Qd3+ 0-1

[Event "United States Championship 2006"]
[Site "San Diego USA"]
[Date "2006.03.11"]
[Round "9"]
[White "Baginskaite, C."]
[Black "Epstein, E."]
[Result "1/2-1/2"]
[WhiteElo "2299"]
[BlackElo "2178"]
[PlyCount "51"]
[EventDate "2006.??.??"]

1. d4 Nf6 2. c4 e5 3. dxe5 Ng4 4. e3 Nxe5 5. Nh3 Bb4+ 6. Bd2 Bxd2+ 7. Qxd2 d6
8. Nf4 Bf5 9. Nc3 O-O 10. Be2 Nbd7 11. O-O Nf6 12. Rad1 h6 13. Nfd5 Re8 14.
Nxf6+ Qxf6 15. Nd5 Qd8 16. Qb4 Qc8 17. c5 Nc6 18. Qc3 dxc5 19. Qxc5 Be4 20. Bb5
Bxg2 21. Bxc6 bxc6 22. Kxg2 Qg4+ 23. Kh1 Qf3+ 24. Kg1 Qg4+ 25. Kh1 Qf3+ 26. Kg1
1/2-1/2

[Event "United States Championship 2006"]
[Site "San Diego USA"]
[Date "2006.03.11"]
[Round "9"]
[White "Gonzalez, R."]
[Black "Schneider, I."]
[Result "0-1"]
[WhiteElo "2470"]
[BlackElo "2376"]
[PlyCount "134"]
[EventDate "2006.??.??"]

1. e4 e6 2. d3 d5 3. Qe2 Nc6 4. Nf3 e5 5. c3 Nf6 6. g3 dxe4 7. dxe4 a5 8. a4
Bc5 9. h3 O-O 10. Nbd2 Qe7 11. Nb3 Bb6 12. Bg2 Ne8 13. O-O Nd6 14. Kh2 Be6 15.
Nbd2 Rad8 16. b3 f6 17. Ba3 Qf7 18. Rab1 Nb8 19. Ne1 Qd7 20. Nc2 Rfe8 21. Ne3
Nb5 22. axb5 Qxd2 23. Rfe1 Qxe2 24. Rxe2 Bxe3 25. Rxe3 Rd2 26. Kg1 Red8 27.
Ree1 Nd7 28. c4 c6 29. bxc6 bxc6 30. Red1 Nb8 31. Rxd2 Rxd2 32. Bc5 Nd7 33. Be3
Ra2 34. Bf1 Kf7 35. Kg2 Ke7 36. Kf3 Kf7 37. b4 a4 38. b5 cxb5 39. Rxb5 Rc2 40.
Rb4 a3 41. Ra4 a2 42. g4 Rb2 43. Bd3 Nb8 44. Ra7+ Ke8 45. Bc5 Nc6 46. Ra8+ Kd7
47. Ke3 Kc7 48. Ra3 Nd8 49. Bf8 Nb7 50. Ra8 Kd7 51. Be2 g6 52. Bd3 Nd8 53. Ra7+
Ke8 54. Bc5 Nb7 55. Ra8+ Kf7 56. Bf8 a1=Q 57. Rxa1 Kxf8 58. Ra8+ Ke7 59. Rh8
Nc5 60. Rxh7+ Kd6 61. Be2 Rb3+ 62. Kd2 Nxe4+ 63. Kc2 Rc3+ 64. Kb2 Bxc4 65. Bxc4
Rxc4 66. Rh6 Ke6 67. Rxg6 Kf7 0-1

[Event "United States Championship 2006"]
[Site "San Diego USA"]
[Date "2006.03.11"]
[Round "9"]
[White "Vicary, E."]
[Black "Cottrell, K."]
[Result "1-0"]
[WhiteElo "2107"]
[BlackElo "1887"]
[PlyCount "109"]
[EventDate "2006.??.??"]

1. e4 Nf6 2. e5 Nd5 3. c4 Nb6 4. d4 d6 5. exd6 cxd6 6. Nc3 Nc6 7. Be3 g6 8. d5
Nb8 9. Bd4 f6 10. a4 Bg7 11. Bd3 O-O 12. Nge2 e5 13. dxe6 Bxe6 14. b3 Nc6 15.
Be3 Nd7 16. Nf4 Bf7 17. O-O Nc5 18. Be2 f5 19. Rc1 Nb4 20. Ncd5 Nxd5 21. Nxd5
Ne4 22. Bd4 Bh6 23. Ba1 Bg7 24. Bxg7 Kxg7 25. Qd4+ Kh6 26. Rcd1 Bxd5 27. Qxd5
Qb6 28. Rd3 Rad8 29. a5 Qc7 30. Qd4 Nf6 31. b4 b6 32. Ra1 bxa5 33. Rxa5 Rde8
34. Re3 Rf7 35. Rxe8 Nxe8 36. Ra3 Nf6 37. Rd3 Kg7 38. g4 fxg4 39. Bxg4 Re7 40.
Bf3 Rd7 41. Bd5 Re7 42. Rf3 Re1+ 43. Kg2 Qe7 44. Ra3 Re5 45. Rxa7 Nd7 46. f4
Qh4 47. Rxd7+ Kh6 48. Bf3 Re7 49. Rxe7 Qxe7 50. b5 Qc7 51. b6 Qb8 52. b7 Qc7
53. f5 Qd8 54. f6 Qb8 55. Qh4# 1-0

[Event "United States Championship 2006"]
[Site "San Diego USA"]
[Date "2006.03.11"]
[Round "9"]
[White "Kleiman, J."]
[Black "Ross, L."]
[Result "0-1"]
[WhiteElo "2279"]
[BlackElo "2141"]
[PlyCount "82"]
[EventDate "2006.??.??"]

1. e4 c5 2. Nf3 Nc6 3. d4 cxd4 4. Nxd4 Nf6 5. Nc3 e5 6. Ndb5 d6 7. Bg5 a6 8.
Na3 b5 9. Nd5 Be7 10. Bxf6 Bxf6 11. c3 Bg5 12. Nc2 O-O 13. h4 Bh6 14. g3 Be6
15. Bg2 Ne7 16. Ncb4 a5 17. Nxe7+ Qxe7 18. Nd5 Qb7 19. O-O Rac8 20. a4 bxa4 21.
Qe2 Bxd5 22. exd5 Qd7 23. Qe4 Qb5 24. Rfb1 f5 25. Qxa4 Qe2 26. Qd1 Qa6 27. Qe1
f4 28. b4 fxg3 29. fxg3 Qd3 30. Rd1 Qc2 31. Be4 Qxc3 32. Qxc3 Rxc3 33. bxa5
Rxg3+ 34. Bg2 Be3+ 35. Kh2 Rg4 36. Rd3 Rxh4+ 37. Bh3 Rf3 38. Kg2 Rhxh3 39. Raa3
e4 40. Rdb3 Rhg3+ 41. Kh1 Ba7 0-1

[Event "United States Championship 2006"]
[Site "San Diego USA"]
[Date "2006.03.11"]
[Round "9"]
[White "Milman, L."]
[Black "Ippolito, D."]
[Result "1/2-1/2"]
[WhiteElo "2478"]
[BlackElo "2414"]
[PlyCount "61"]
[EventDate "2006.??.??"]

1. e4 e5 2. Nf3 Nf6 3. Nxe5 d6 4. Nf3 Nxe4 5. d4 d5 6. Bd3 Bd6 7. O-O O-O 8.
Re1 Bf5 9. Nc3 Nxc3 10. bxc3 Bxd3 11. Qxd3 Nd7 12. Bg5 f6 13. Bh4 Nb6 14. Nd2
Qd7 15. c4 dxc4 16. Nxc4 Qb5 17. Nxd6 Qxd3 18. cxd3 cxd6 19. Bg3 d5 20. Re7 Rf7
21. Rae1 Raf8 22. Bd6 Rxe7 23. Rxe7 Nc8 24. Rd7 Nxd6 25. Rxd6 Rc8 26. g4 Rc2
27. Rxd5 Rxa2 28. Rd8+ Kf7 29. Rd7+ Kg6 30. Rxb7 Ra3 31. Kg2 1/2-1/2

[Event "United States Championship 2006"]
[Site "San Diego USA"]
[Date "2006.03.11"]
[Round "9"]
[White "Fedorowicz, J."]
[Black "Kriventsov, S."]
[Result "1/2-1/2"]
[WhiteElo "2493"]
[BlackElo "2449"]
[PlyCount "60"]
[EventDate "2006.??.??"]

1. Nf3 d5 2. d4 Nf6 3. c4 dxc4 4. e3 e6 5. Bxc4 c5 6. O-O a6 7. Bb3 Nc6 8. Nc3
Be7 9. dxc5 Qxd1 10. Rxd1 Bxc5 11. Bd2 Ke7 12. Rac1 Ba7 13. Be1 Bd7 14. Na4 Ne4
15. Nd2 Nxd2 16. Bxd2 b6 17. e4 Rhc8 18. Be3 Rab8 19. Bf4 Rb7 20. Be3 Na5 21.
Rxc8 Bxc8 22. Nc3 Nxb3 23. axb3 b5 24. Bxa7 Rxa7 25. f3 f6 26. Kf2 Rc7 27. Rc1
Kd8 28. Rd1+ Ke7 29. Rc1 Kd8 30. Rd1+ Ke7 1/2-1/2

[Event "United States Championship 2006"]
[Site "San Diego USA"]
[Date "2006.03.11"]
[Round "9"]
[White "Airapetian, C."]
[Black "Lugo, B."]
[Result "0-1"]
[WhiteElo "2130"]
[BlackElo "2412"]
[PlyCount "90"]
[EventDate "2006.??.??"]

1. e4 e5 2. Nf3 Nc6 3. d4 exd4 4. Nxd4 Bc5 5. Be3 Bb6 6. Nc3 Nf6 7. Nxc6 bxc6
8. Bg5 h6 9. Bh4 Qe7 10. Bd3 d6 11. O-O g5 12. Bg3 Ng4 13. Na4 h5 14. Nxb6 axb6
15. Be2 Ne5 16. f3 h4 17. Bf2 h3 18. g3 Bb7 19. Re1 c5 20. a4 Qd7 21. c3 f5 22.
Bb5 Bc6 23. c4 O-O-O 24. exf5 Qxf5 25. Bxc6 Nxc6 26. Ra3 Rhf8 27. Be3 Ne5 28.
f4 Qe4 29. Re2 Nf3+ 30. Kf1 Qxc4 31. Qd3 Ne5 32. Qxc4 Nxc4 33. Rc3 Nxe3+ 34.
Rexe3 gxf4 35. gxf4 Rxf4+ 36. Ke2 Rdf8 37. Rxh3 Rf2+ 38. Kd3 Rxb2 39. Ke4 Rb4+
40. Kd5 Kb7 41. Ke6 Re4+ 42. Kd7 Rf7+ 43. Kd8 Kc6 44. Rh8 Rxa4 45. Ke8 Rd7 0-1

[Event "United States Championship 2006"]
[Site "San Diego USA"]
[Date "2006.03.11"]
[Round "9"]
[White "Itkis, H."]
[Black "Vigorito, D."]
[Result "0-1"]
[WhiteElo "2105"]
[BlackElo "2359"]
[PlyCount "124"]
[EventDate "2006.??.??"]

1. c4 e5 2. g3 Nf6 3. Bg2 h6 4. e4 Bc5 5. Ne2 Nc6 6. O-O d6 7. Nbc3 Be6 8. d3
Qd7 9. Nd5 Nh7 10. Be3 Bxe3 11. Nxe3 h5 12. d4 Bh3 13. f4 Bxg2 14. Kxg2 exd4
15. Nxd4 Nf6 16. Nef5 g6 17. Nh4 O-O-O 18. Re1 Rhe8 19. Qd3 Nxd4 20. Qxd4 Nxe4
21. Nf3 c5 22. Qd3 Qc6 23. Rad1 f5 24. Re2 h4 25. Qd5 Qxd5 26. Rxd5 hxg3 27.
hxg3 Kc7 28. Rd1 a6 29. Rh1 Rh8 30. Rxh8 Rxh8 31. Nd2 Nxd2 32. Rxd2 b5 33. b3
bxc4 34. bxc4 Rb8 35. Kh3 Rh8+ 36. Kg2 Re8 37. Kh3 Re4 38. Kh4 Rxc4 39. Kg5 Rd4
40. Rc2 Rd3 41. Rg2 c4 42. Kxg6 c3 43. Kxf5 Rd2 44. Rg1 c2 45. Rc1 d5 46. g4 d4
47. g5 d3 48. g6 Rg2 49. Ke4 d2 50. Rxc2+ Kd6 51. Ke3 d1=Q 52. Rxg2 Qe1+ 53.
Kf3 Qf1+ 54. Kg3 Ke7 55. Rd2 Qg1+ 56. Rg2 Qe3+ 57. Kg4 Kf6 58. Rg3 Qe2+ 59. Kh3
Qxa2 60. g7 Qg8 61. Kg2 Kf7 62. Kf2 a5 0-1

[Event "United States Championship 2006"]
[Site "San Diego USA"]
[Date "2006.03.11"]
[Round "9"]
[White "Muhammad, S."]
[Black "Tuvshintugs, B."]
[Result "1-0"]
[WhiteElo "2377"]
[BlackElo "2208"]
[PlyCount "59"]
[EventDate "2006.??.??"]

1. d4 Nf6 2. c4 g6 3. Nc3 d5 4. Bf4 Bg7 5. e3 c5 6. dxc5 Qa5 7. Rc1 Ne4 8. cxd5
Nxc5 9. Nf3 O-O 10. Be5 Bxe5 11. Nxe5 Qb4 12. Be2 Qxb2 13. O-O Ne4 14. Nxg6
hxg6 15. Nxe4 Qxa2 16. d6 Qe6 17. Qd4 Rd8 18. Bc4 Nc6 19. Bxe6 Nxd4 20. Rxc8
Raxc8 21. Bxc8 Ne2+ 22. Kh1 exd6 23. Bxb7 f5 24. Ba6 Nf4 25. exf4 fxe4 26. Bc4+
Kg7 27. Bd5 a5 28. Bxe4 d5 29. Rd1 d4 30. g4 1-0

[Event "United States Championship 2006"]
[Site "San Diego USA"]
[Date "2006.03.11"]
[Round "9"]
[White "Gulko, B."]
[Black "Kreiman, B."]
[Result "1/2-1/2"]
[WhiteElo "2585"]
[BlackElo "2478"]
[PlyCount "61"]
[EventDate "2006.??.??"]

1. d4 d5 2. c4 c6 3. Nf3 Nf6 4. Nc3 dxc4 5. a4 Bf5 6. e3 e6 7. Bxc4 Bb4 8. O-O
Nbd7 9. Qe2 Bg6 10. e4 Bxc3 11. bxc3 Nxe4 12. Ba3 Qc7 13. Qb2 c5 14. dxc5 Nexc5
15. Bb5 O-O 16. Bxd7 Nxd7 17. Bxf8 Rxf8 18. a5 Nc5 19. c4 Rc8 20. Rfd1 h6 21.
Qe5 Qxe5 22. Nxe5 Bc2 23. Rd6 Kf8 24. Ra2 Ke7 25. Rd4 Bh7 26. Rb2 Rc7 27. f4 f6
28. Ng4 Be4 29. Rb5 Bg6 30. Ne3 Be8 31. Rb2 1/2-1/2

[Event "United States Championship 2006"]
[Site "San Diego USA"]
[Date "2006.03.11"]
[Round "9"]
[White "Abrahamyan, T."]
[Black "Christiansen, N."]
[Result "1-0"]
[WhiteElo "2254"]
[BlackElo "2003"]
[PlyCount "49"]
[EventDate "2006.??.??"]

1. e4 c5 2. Nf3 g6 3. d4 cxd4 4. Nxd4 Nc6 5. Nc3 Bg7 6. Be3 Nf6 7. Bc4 Qa5 8.
O-O O-O 9. Nb3 Qd8 10. f4 d6 11. h3 Bd7 12. Qe2 Na5 13. Nxa5 Qxa5 14. Bb3 Bc6
15. Bf2 Rac8 16. Rad1 a6 17. Bh4 Rfe8 18. e5 Nd7 19. e6 fxe6 20. Bxe6+ Kh8 21.
f5 Rc7 22. fxg6 hxg6 23. Rf5 Qxf5 24. Bxf5 gxf5 25. Qh5+ 1-0

[Event "United States Championship 2006"]
[Site "San Diego USA"]
[Date "2006.03.11"]
[Round "9"]
[White "West, V."]
[Black "Liu, E."]
[Result "1-0"]
[WhiteElo "2083"]
[BlackElo "2139"]
[PlyCount "57"]
[EventDate "2006.??.??"]

1. e4 c5 2. Nf3 e6 3. b3 a6 4. Bb2 Nc6 5. Be2 d6 6. d4 cxd4 7. Nxd4 Bd7 8. O-O
Nf6 9. Nd2 b5 10. Kh1 Be7 11. f4 Qb6 12. Nxc6 Bxc6 13. Bd3 h5 14. Qe2 h4 15.
Nf3 Nh5 16. Bd4 Qb7 17. Qe3 Rh6 18. a4 b4 19. Rac1 Kd7 20. Kg1 Rg8 21. c3 g5
22. fxg5 Rhg6 23. cxb4 Ke8 24. b5 axb5 25. Rxc6 e5 26. Bxb5 Kf8 27. Bb6 Nf4 28.
Rc7 Qb8 29. Rfc1 1-0